| 000 | 00645nam a2200241 a 4500 | ||
|---|---|---|---|
| 001 | 68608 | ||
| 003 | BD-RjUL | ||
| 005 | 20211209081806.0 | ||
| 008 | 190404s1962 ii a 100 0 eng d | ||
| 020 | _cRs: 5.00 | ||
| 035 | _a(BD-RjUL)68818 | ||
| 040 |
_aDLC _cDLC _dDLC _beng |
||
| 041 | _aeng | ||
| 082 | 0 | 0 |
_223 _a535 _bGHP 1962 |
| 100 |
_aGhosh, Krishnapada _9203349 |
||
| 245 | 0 | 0 |
_aA text book of optics / _cBy Krishnapada Ghosh. |
| 260 |
_aCalcutta : _bArt Union, _c[1962?]. |
||
| 300 |
_a v . : _bill. ; _c22 cm. |
||
| 505 | 1 | _aPt. 2. Physical optics -- | |
| 650 |
_aOptics. _9203350 |
||
| 942 |
_2ddc _cBK |
||
| 999 |
_c68608 _d68608 |
||